Flag Selection: Europe Quiz Stats

 Plays Quiz Updated Apr 18, 2018

Also try: European Flag Maps
Challenge
Share
Tweet
Score 0/12 Timer 02:00
0 Plays Today
% Correct
United
Kingdom
96.3%
Germany
94%
Sweden
93%
Ireland
92.3%
Norway
91.3%
Greece
89.3%
Italy
85.7%
Spain
83.2%
Austria
75.1%
Portugal
73%
Estonia
72.3%
Czechia
66.9%

You're not logged in!

Compare scores with friends on all Sporcle quizzes.
OR
Log In

You Might Also Like...

Show Comments

Extras

Top Quizzes Today


Score Distribution

Your Account Isn't Verified!

In order to create a playlist on Sporcle, you need to verify the email address you used during registration. Go to your Sporcle Settings to finish the process.

Report this User

Report this user for behavior that violates our Community Guidelines.

Details: